000 00691nam a2200253Ia 4500
003 OSt
005 20220925220154.0
006 a|||||r|||| 00| 0
007 ta
008 220923b |||||||| |||| 00| 0 eng d
037 _cGeneral Book
040 _aRTL
_cRTL
_beng
041 _2eng
_aeng
082 _aX:8C:(S:44), M3
100 _aMyddelton D R
_9252191
245 0 _aFinancial decisions
250 _a2nd
260 _aLondon
_bLongman UK
_c1983
300 _aviii, 247p. Appendix P 222-25
_ccm.
500 _aUnderstanding Business
650 _aFinancial Accounts
942 _hX:8C:(S:44), M3
_cGB
_2CC
999 _c570712
_d570712